000 01560cam a22004214i 4500
003 PE-LiUPU
005 20250731173253.0
008 150625s r 000 0 d
035 _a(Sirsi) a35636
040 _aPE-LiUPU
_bspa
_cPE-LiUPU
_erda
082 0 4 _a232.9
_bM72
_221
100 1 _aMoingt, Joseph,
_eautor.
245 1 3 _aEl hombre que venía de DIOS.
_n1 /
_cJoseph Moingt.
264 1 _aParis :
_bDesclée de Brouwer,
_c1995.
300 _a204 páginas ;
_c24 cm.
336 _atext
_2rdacontent
337 _aunmediated
_2rdamedia
338 _avolume
_2rdacarrier
505 0 _aEl rumor de Jesús. -El discurso de la fe. -La enunciación. -Los enunciados. -La desconstrucción. -Él volverá. -Dios le ha resucitado. -Se entregó por nosotros. -Ha blasfemado. -El que quita el pecado del mundo. -Padre, en tus manos pongo mi espíritu. -Y el Verbo se hizo carne.
526 _aSEG42
526 _aSEG41
526 _aSEG40
526 _aSEG39
526 _aP94
526 _aP87
526 _aP86
526 _aP85
526 _aP77
526 _aP76
526 _aP35
600 1 _aJesucristo
910 _a
942 _2ddc
_cBOOK
949 _a232.9 M72 1
_wDEWEY
_c1
_i38558
_lCCODEBUL1
_mBUL
_p00.00
_r0
_sY
_tBOOK
_u2015-06-25
_xBIBLIOTECA
_zUNKNOWN
_0COMPRA
_o.STAFF. Colección General
596 _a1
999 _a232.9 M72 1
_wDEWEY
_c43622
_i38558
_f2021-11-10
_g5
_lCCODEBUL1
_mBUL
_r0
_sY
_tBOOK
_u2015-6-25
_xTEOLOGIA
_zUNKNOWN
_0COMPRA
_o.STAFF. Colección General
_d43622
980 _81
_gALBERTO SANCHEZ Responsable de Automatización